| 000 | 00989aam a2200337a 44500 | ||
|---|---|---|---|
| 008 | 960122s1990 cat | ||
| 017 | _aB-42402-1990 | ||
| 041 | _acat | ||
| 080 | _a72.03(038)=7.036(038) | ||
| 110 |
_aSant Cugat del Vallès. Ajuntament. Servei Municipal de Català _965012 |
||
| 245 | _a1991: Arquitectura modernista | ||
| 245 | _cSant Cugat del Vallès. Ajuntament. Servei Municipal de Català. | ||
| 260 | _a[Barcelona] | ||
| 260 | _bGeneralitat de Catalunya. Direcció General de Política Lingüística | ||
| 260 | _c1990 | ||
| 300 |
_a1 calendari _bil. |
||
| 520 | _a24 | ||
| 546 | _acatalà | ||
| 591 | _a2812 | ||
| 592 | _aObra terminològica | ||
| 593 | _aHQ | ||
| 594 | _a2812 | ||
| 650 |
_aestils arquitectònics _965013 |
||
| 650 |
_amodernisme _965014 |
||
| 700 |
_aBerenguer, E. _965015 |
||
| 901 | _cDL <1990> | ||
| 902 | _a960122 | ||
| 942 |
_cMO _n0 |
||
| 999 |
_c54145 _d54145 |
||